| 000 | 01087nam a2200121Ia 4500 | ||
|---|---|---|---|
| 008 | 220620s9999||||xx |||||||||||||| ||und|| | ||
| 245 | 4 | _aThe Politics of Diversity in Music Education | |
| 546 | _aEnglish[eng] | ||
| 650 | _aCreativity and Arts Education||Educational Policy and Politics||Teaching and Teacher Education||music education and politics||music education and cultural diversity||politics of inquiry||cultural diversity in Norwegian school concerts||diverse political directives in contemporary China||democracy in popular music education||biopolitics||ecodiversity||internationalization, hegemony and diversity||global music education||intercultural collaboration in higher music education||Open Access||Teaching of a specific subject||The Arts||Educational strategies & policy||Teacher training | ||
| 700 | _aKallio, Alexis Anja||Westerlund, Heidi||Karlsen, Sidsel||Marsh, Kathryn||Sæther, Eva | ||
| 856 | _uhttps://library.oapen.org/bitstream/20.500.12657/48265/1/9783030656171.pdf||https://library.oapen.org/bitstream/20.500.12657/48265/1/9783030656171.pdf | ||
| 942 | _cEB | ||
| 999 |
_c34197 _d34197 |
||